Statistics for High School Musical - What I've Been Looking For Lyrics

Click here to take the quiz!

General Stats

  • This quiz has been taken 62 times
  • The average score is 12 of 17

Answer Stats

HintAnswer% Correct
It's hard to ___ that I couldn't seebelieve
100%
You were ___ there ___ mealways beside
92%
But ___ were always there ___ meyou beside
88%
This ___ like no other. I want you to ___feeling's know
81%
Don't have to say a ___word
77%
I've never had someone as ___ for me as you, __ ___ like yougood no one
75%
I've ___ had someone that ___ me like you do, the way you donever knows
75%
So ___ before I finally ___ , What I've been looking forlonely found
71%
___ I was alone, With no one to ___thought hold
71%
This ___ like no ___ , I want you to knowfeeling's other
69%
What I've been ___ forlooking
69%
So ___ before, I ___ foundlonely finally
65%
I've ___ had someone as ___ for me as you, no one like younever good
65%
So good to be ___ so good to be ___seen heard
65%
I've never had ___ that ___ me like you do, the way you dosomeone knows
63%
For so long I was ___ so good to be ___lost found
54%
I'm ___ having you ___loving around
54%

Score Distribution

Percentile by Number Answered

Percent of People with Each Score

Your Score History

You have not taken this quiz